One Piece - RageBait #3 - Statistiques

Statistiques générales
  • Ce quiz a été pris 51 fois
  • Le résultat moyen est 5 sur 26
Statistiques - réponses
Enoncé Réponse Ergonomique % Correct
L'essence du Ragebait Ener
71%
Personnage qui ont lâché une meilleur performance que Portgas D. Ace Luffy, Law, Kid, Killer, Zoro, Sanji, Gaimon, Akainu, Kizaru, Aokiji, Shanks, Teach, Newgate, Sabo, Kuma, Doflamingo, Hancock, Crocodile, Baggy, Kaido, Big Mom, Yamato, Kin'emon, Momonosuke, Kanjuro, Pica, Domino, Magellan, Fujitora, Aramaki, Krocmou, Ener, Ener, Ener, le fulguro - fruit, Ener, Jean Jacques Goldman, Ace ( mort )
71%
Créature la plus forte du monde Kaido
57%
Meilleur créateur de quizz Jetpunk Rolika
45%
Se personnage de One Piece Ener
29%
One Piece Ener
26%
Ener
24%
Meilleur couleur de One Piece Ener
21%
meilleur voiture de One Piece Ya pas de voiture dans One Piece
21%
Personnage préféré de Sathyne Ener
19%
Personnage ayant le plus haut Douriki Ener
19%
Meilleur fruit Le Fulguro - Fruit
19%
Directeur de One Piece Ener
14%
Nom exacte de Yamato Yamato
12%
Premier mot dis dans One Piece ( Hors flashback ) Je
10%
Meilleur goût de Pom'potes Banane Pomme Fraise
7%
Se personnage de One Piece qui n'est pas dans l'œuvre Hugo Brun la slp
7%
Imade les mets souvent sur les gens Brique
5%
Pire endroit pour regarder One Piece Derrière un écran
5%
Meilleur endroit pour regarder One Piece Devant un écran
5%
Se personnage de One Piece ne possède pas le fluide royale Domino
5%
Directrice de l'Idrac Lyon Emma Morge
5%
Meilleur Fruit La Pêche
5%
Se type de fluide n'existe pas Le fluide Idractif
5%
Prénom de la daronne d'Ener Myriam
5%
Femme la plus belle de One Piece O - Tama
5%
Aucun quiz correspondant
Distribution des résultats
% des personnes avec chaque résultat
Percentile par nombre de réponses
Votre historique - résultats
Vous n’avez pas pris ce quiz